000 01513nam a2200397 i 4500
003 EG-GICUC
005 20260410175846.0
008 260410s1976 nyu||||fr|||| 001 0 eng d
040 _aEG-GiCUC
_beng
_cEG-GiCUC
_dEG-GiCUC
_erda
041 _aeng
082 0 4 _221
_a343.741
_bMI . C
092 0 4 _221
099 _aLaw1 10 343.741 MI . C 1976
100 1 _aMiller, Frank W
_d1921-2006.
_qFrank William,
_eAuthor.
245 1 0 _aCriminal justice administration :
_bCases and materials /
_cby Frank W. Miller - Robert O. Dawson - George E. Dix -Raymond I. Parnas.
250 _aSuccessor edition
264 1 _aMineola, N.Y. :
_bFoundation Press,
_c1976.
300 _a 1357 pages :
_c27 cm.
_billustrations,
336 _2rda content
_atext
337 _2rda media
_aComputer
338 _2rda carrier
_aOnline Resource
500 _aCover title: Criminal justice administration: cases and materials.
500 _a"Successor volume to Miller, Dawson, Dix & Parnas: Cases and materials on criminal justice administration and related processes."
504 _aIncludes bibliographical references and index.
546 _aText in English
650 1 _aCriminal Law
_2qrmak
650 1 _aCriminal justice
_2qrmak
651 1 _2qrmak
653 _a Cases and materials
700 1 _aDawson,Robert O
_eAuthor.
700 1 _aDix,George E.
_eAuthor.
700 1 _aParnas,Raymond I
_eAuthor.
856 4 0 _uhttps://fll.law.cu.edu.eg/fulltext/bks/B10-09015.pdf
905 _a43
942 _2ddc
_n0
_cBK
_e21
999 _c69958
_d69958